Healer of the mind : (Record no. 1264)

MARC details
000 -LEADER
fixed length control field 00691nam a2200241 4500
005 - DATE AND TIME OF LATEST TRANSACTION
control field 20260322212053.0
008 - FIXED-LENGTH DATA ELEMENTS--GENERAL INFORMATION
fixed length control field data
010 ## - LIBRARY OF CONGRESS CONTROL NUMBER
LC control number 78186824
020 ## - INTERNATIONAL STANDARD BOOK NUMBER
International Standard Book Number 0687167388
020 ## - INTERNATIONAL STANDARD BOOK NUMBER
International Standard Book Number 9780687167388
040 ## - CATALOGING SOURCE
Original cataloging agency DLC
Transcribing agency DLC
Modifying agency YUS
049 ## - LOCAL HOLDINGS (OCLC)
Holding library YUTI
050 0# - LIBRARY OF CONGRESS CALL NUMBER
Classification number BR1702
Item number .J58
096 ## - LOCALLY ASSIGNED NLM-TYPE CALL NUMBER (OCLC)
Classification number WM 61 J636h 1972
001 - CONTROL NUMBER
control field data
245 00 - TITLE STATEMENT
Title Healer of the mind :
Remainder of title a psychiatrist's search for faith.
Statement of responsibility, etc. edited by Paul Emanuel Johnson.
260 ## - PUBLICATION, DISTRIBUTION, ETC.
Place of publication, distribution, etc. Nashville,
Name of publisher, distributor, etc. Abingdon Press
Date of publication, distribution, etc. [1972]
300 ## - PHYSICAL DESCRIPTION
Extent 270 p.
Dimensions 23 cm.
504 ## - BIBLIOGRAPHY, ETC. NOTE
Bibliography, etc. note Includes bibliographical references.
590 ## - LOCAL NOTE (RLIN)
Local note Includes bibliographical references.
650 #0 - SUBJECT ADDED ENTRY--TOPICAL TERM
Topical term or geographic name entry element Christian biography.
700 1# - ADDED ENTRY--PERSONAL NAME
Personal name Johnson, Paul Emanuel,
Dates associated with a name 1898-
Holdings
Withdrawn status Lost status Damaged status Not for loan Home library Current library Shelving location Date acquired Total checkouts Full call number Barcode Date last seen Price effective from Koha item type
        Franklin Franklin General stacks 22/03/2026   BR1702 .J58 BC0011306 22/03/2026 22/03/2026 Books